Šofér ako člen rodiny

Požiadavky na osobných vodičov. Diskrétnoť, bezpečnosť a flexibilnosť. Asistent a niekedy aj osobný psychológ svojho šéfa. Služby Limousine Service.

Saved in:
Bibliographic Details
Main Author: Hetmerová, Veronika
Format: Book Chapter
Language:Slovak
Subjects:
Tags: Add Tag
No Tags, Be the first to tag this record!

MARC

LEADER 00000naa a2200000 4500
001 0198539
005 20231113083445.0
041 0 |a slo 
044 |a SK 
245 1 0 |a Šofér ako člen rodiny  |c Veronika Hetmerová 
520 |a Požiadavky na osobných vodičov. Diskrétnoť, bezpečnosť a flexibilnosť. Asistent a niekedy aj osobný psychológ svojho šéfa. Služby Limousine Service. 
610 2 0 |a služby 
610 2 0 |a preprava 
610 2 0 |a vodiči 
610 2 0 |a povolanie 
100 1 |a Hetmerová, Veronika